000
00263nam a2200085Ia 4500
245
0
_a
Johnny Golightly comes home : a portrait of eccentricity
100
_a
HOPKINS, Pat Johannesburg, 2009
_9
81616
942
_c
BK
008
210817s9999 xx 000 0 und d
999
_c
291551
_d
291550